| 000 | 00490nam a2200157 4500 | ||
|---|---|---|---|
| 001 | 136059 | ||
| 003 | ES-MaACL | ||
| 007 | t| | ||
| 008 | 070214s1972 sp r ||||1| spa d | ||
| 100 | 1 |
_aRowe, Geoffrey W. _9100176 |
|
| 245 | 1 | 0 |
_aConformado de los metales / _cGeoffrey W. Rowe ; traducción de José María Jiménez Moreno. |
| 260 |
_aBilbao : _bUrmo, _c1972. |
||
| 300 |
_a376 p. ; _c25 cm. |
||
| 700 | 1 |
_aJiménez Moreno, José María. _966572 |
|
| 852 |
_aES-MaACL _jL-9791 _bR.111639 |
||
| 999 |
_c136059 _d136059 |
||